[Event "36th Zalakaros Festival 2017"]
[Site "Zalakaros"]
[Date "2017.05.18"]
[Round "1"]
[White "Havasi, Gergo"]
[Black "Karacsonyi, Gellert"]
[Result "1/2-1/2"]
[WhiteElo "2402"]
[BlackElo "2189"]
[Annotator "TA"]
[PlyCount "98"]
[EventDate "2017.??.??"]
[EventType "swiss"]
[EventCountry "HUN"]
[SourceTitle "playchess.com"]
[Source "ChessBase"]
[SourceQuality "1"]

{[%evp 23,98,14,25,7,16,-8,-9,-6,-6,-37,-44,-31,-38,-46,-43,-29,-50,-63,-62,-62,-42,-36,-22,-51,-25,-60,-39,-119,-117,-157,-92,-88,-69,-56,-26,-19,-13,-13,0,-3,0,0,0,0,0,0,0,0,0,-5,0,-206,-193,-220,-190,-508,-505,-514,-250,-226,-144,-154,-70,-45,-35,-54,-44,-54,-54,-54,-55,-54,-62,-75,-4,-21,0]} 1. e4 c5 2. Nf3 Nc6 3. Bb5 g6 4. Bxc6 dxc6 5. d3 Bg7 6. h3 e5 7. Be3 Qe7 8. Nc3 Nf6 9. Qd2 Nd7 10. Bh6 f6 11. O-O-O {B31: Sicilian: 2...Nc6 3 Bb5 g6} Nf8 12. Bxg7 Qxg7 {LiveBook: 4 Games} 13. Ne2 {White has an edge.} Ne6 14. g4 Bd7 {[#]} 15. Kb1 $146 ({Predecessor:} 15. h4 O-O-O 16. g5 b6 17. Qc3 Nd4 18. Nexd4 cxd4 {½-½ (45) Onischuk,V (2629)-Meribanov,V (2390) Lutsk 2015}) 15... O-O-O 16. c3 Qe7 17. Qe3 Rhe8 18. Rd2 b6 19. Rhd1 Kb7 20. Nh2 Bc8 21. Nf1 Ka8 22. Nfg3 Ba6 23. f3 Rd6 24. d4 Red8 25. dxe5 (25. dxc5 $15 Nxc5 26. b3) 25... fxe5 $17 26. Kc1 Kb7 (26... Rxd2 $142 27. Rxd2 Rf8) 27. f4 exf4 28. Nxf4 Nxf4 29. Qxf4 {[%cal Rd2d6]} Rxd2 30. Rxd2 Rxd2 (30... Rf8 $5 {[%cal Rf8f4]} 31. Qe3 Kc7 $11) 31. Kxd2 Qe6 32. b3 Qd7+ 33. Kc1 Qd3 $36 {[%mdl 2048] Black is more active.} 34. c4 Qc3+ (34... g5 $5 35. Qe5 b5 $11) 35. Kb1 Qd3+ 36. Kb2 Qd4+ 37. Kb1 $2 (37. Kc2 $1 $11 {and White stays safe.}) 37... b5 $1 $19 38. cxb5 Bxb5 39. a4 $2 (39. Kc2 {is a better chance.}) 39... Bd3+ 40. Ka2 Qc3 (40... c4 $142 41. Qf7+ Ka6) 41. Qf2 Ka6 42. Qb2 {[#]} Qe1 ({Better is} 42... Qd4 $1 $17 43. Qxd4 cxd4) 43. Qf6 $15 Bxe4 44. Nxe4 Qxe4 {KQ-KQ} 45. Qf7 Qc2+ 46. Ka3 Qc1+ 47. Ka2 Qd2+ 48. Ka3 {[#]} Qb4+ (48... Qd6 $1 $17 49. Kb2 h6) 49. Kb2 $11 Qd2+ {Precision: White = 32%, Black = 44%.} 1/2-1/2

[Event "36th Zalakaros Festival 2017"]
[Site "Zalakaros"]
[Date "2017.05.18"]
[Round "1"]
[White "Tompa, Janos"]
[Black "Nisipeanu, Liviu-Dieter"]
[Result "0-1"]
[WhiteElo "2392"]
[BlackElo "2686"]
[Annotator "TA"]
[PlyCount "116"]
[EventDate "2017.??.??"]
[EventType "swiss"]
[EventCountry "HUN"]
[SourceTitle "playchess.com"]
[Source "ChessBase"]
[SourceQuality "1"]

{[%evp 15,116,0,25,8,13,14,22,13,15,0,64,-31,-37,-22,-27,-30,-16,-27,0,0,0,-5,-14,-12,0,0,0,0,0,0,0,-36,-41,-35,-39,-58,-48,-93,-94,-100,-102,-116,-98,-169,-162,-180,-162,-168,-155,-189,-98,-93,-97,-272,-56,-272,-262,-300,-125,-300,-300,-300,-300,-299,-297,-299,-293,-289,-286,-293,-285,-285,-285,-273,-262,-464,-410,-1813,-1407,-12841,-12841,-12841,-12842,-12843,-12843,-12844,-12844,-12845,-12845,-12845,-12845,-12845,-12846,-12846,-12847,-12847,-12847,-12848,-12848,-12849,-12848,-12849,-12849]} 1. e4 c5 2. Nf3 e6 3. d3 Nc6 4. g3 d6 5. Bg2 Nf6 6. O-O Be7 7. c3 O-O 8. Re1 e5 {LiveBook: 39 Games} 9. Na3 {B30: Sicilian: 2...Nc6 3 Bb5, lines without ...g6} (9. h3 Re8 10. d4 cxd4 11. cxd4 exd4 12. Nxd4 Nxd4 13. Qxd4 Bd7 14. Nc3 Bc6 15. Bf4 Nh5 16. Bd2 Bf6 {1-0 (61) Andreikin,D (2737)-Ladva,O (2510) Tallinn 2016}) 9... Re8 10. Nc2 h6 11. d4 {The position is equal.} exd4 12. cxd4 Bf8 $146 (12... Bg4 $11) ({Predecessor:} 12... cxd4 13. Nfxd4 Bg4 14. f3 Bd7 15. Kh1 Bf8 16. Ne3 Qb6 {0-1 (59) Brandao,E (2053)-De Oliveira,J Sao Jose de Rio Preto 2007}) 13. dxc5 (13. d5 $14 Ne7 14. Qd3) 13... dxc5 $15 14. Qxd8 Rxd8 15. Bd2 Be6 16. Bc3 Ne8 17. Ne3 Nc7 18. Ne5 Nxe5 19. Bxe5 Nb5 20. Nd5 Bd6 21. Bxd6 Rxd6 22. Rac1 b6 23. b4 cxb4 24. Nxb4 Rd2 25. a4 Nd4 $36 {[%mdl 2048] aiming for ...Ne2+. White is under pressure.} 26. Rc7 a5 27. Nd5 b5 28. axb5 Nxb5 29. Rc5 (29. Rb7 $17 Nd4 30. Nc7) 29... Nd4 $19 30. Nc7 Ra7 {Threatens to win with ...a4.} 31. Nxe6 fxe6 32. Ra1 Nb3 ({Black should try} 32... a4 $19 33. Ra3 Rc2 34. Rxc2 Nxc2) 33. Rc8+ $17 Kf7 34. Ra3 $2 (34. Rb1 $17 a4 35. Rc3) 34... Rd1+ $19 35. Bf1 Nd2 $1 {[%csl LRe4,LRf1]} 36. Rd3 Rxf1+ 37. Kg2 Rd1 38. Rc2 a4 39. Rdxd2 Rxd2 40. Rxd2 {[%mdl 4096] Endgame KR-KR} a3 41. Ra2 {[#]} Ke7 $1 42. Kf3 Kd6 43. Ke3 Kc5 44. Kd3 g5 45. f4 $2 (45. Kc3) 45... Kb4 46. Kd4 (46. Kc2 $142 Rf7 47. f5 exf5 48. e5) 46... Ra5 {Black is clearly winning.} 47. h4 gxf4 48. gxf4 Kb3 49. Ra1 a2 50. Rf1 a1=Q+ 51. Rxa1 Rxa1 {KR-K3P} 52. Ke5 Re1 53. Kxe6 Rxe4+ {KR-KPP} 54. Kf5 Re1 55. h5 Kc4 56. Kg6 Kd5 57. f5 Ke5 {[#] ( -> ...Rd1)} 58. f6 Rg1+ {Precision: White = 50%, Black = 78%.} 0-1

[Event "36th Zalakaros Festival 2017"]
[Site "Zalakaros"]
[Date "2017.05.18"]
[Round "1"]
[White "Paschall, William M"]
[Black "Kovalenko, Igor"]
[Result "0-1"]
[WhiteElo "2380"]
[BlackElo "2657"]
[Annotator "TA"]
[PlyCount "76"]
[EventDate "2017.??.??"]
[EventType "swiss"]
[EventCountry "HUN"]
[SourceTitle "playchess.com"]
[Source "ChessBase"]
[SourceQuality "1"]

{[%evp 14,76,66,58,71,39,59,15,10,0,0,-22,0,-34,0,-17,0,-25,-7,-8,6,21,60,45,115,11,58,58,67,52,79,23,89,30,71,27,27,25,30,-192,-197,-179,-171,-268,-247,-252,-243,-379,-254,-254,-245,-244,-237,-322,-316,-407,-411,-404,-402,-383,-388,-445,-445,-485,-479]} 1. Nf3 c5 2. c4 g6 3. d4 Bg7 4. e4 d6 5. d5 e6 6. Nc3 Ne7 7. Be2 O-O 8. O-O a6 {A43: Schmid Benoni} (8... exd5 9. exd5 h6 10. h3 g5 11. Re1 Nd7 12. Ne4 Nf6 13. Nxf6+ Bxf6 14. Bd3 Kg7 15. Qc2 b5 16. cxb5 Nxd5 {0-1 (41) Gelfand,B (2758)-Ponomariov,R (2739) Khanty-Mansiysk 2009}) 9. a4 h6 10. Ne1 exd5 $146 {The position is equal.} ({Predecessor:} 10... e5 11. Nd3 g5 12. g4 Ng6 13. Bf3 Nd7 14. Ne2 Nf4 15. Ng3 {0-1 (62) Barsamian,E (2239)-Ajrapetian,G (2435) Voronezh 2011}) 11. exd5 Nf5 12. Bg4 Re8 13. Nc2 b6 14. Bd2 Ra7 15. Re1 Rxe1+ 16. Nxe1 h5 17. Bh3 Qh4 18. a5 Bd4 (18... Rb7 $14) 19. Qf3 (19. Qe2 $16 Qd8 20. Nf3) 19... Qd8 20. axb6 Qxb6 21. Qd1 Rb7 22. Nd3 (22. Nf3 $16) 22... Qd8 (22... Qb3 $11 {remains equal.}) 23. Rb1 (23. Bf4 $16) 23... Qh4 24. Qf3 Nd7 {[%cal Bb8d7,Bd7b6,Bb6c4][%mdl 32]} 25. Bxf5 {[#] And now Qe2 would win.} gxf5 26. Qxf5 $2 (26. Ne2 $11 {and White is okay.}) 26... Nb6 $1 $19 {[%csl LRc4,LRf5]} 27. Qf4 Qxf4 28. Bxf4 (28. Nxf4 $142 Nxc4 29. Be1) 28... Bf5 ({Much less strong is} 28... Nxc4 29. Re1 $19) 29. Rd1 Nxc4 {Hoping for ...Bxc3.} 30. Ne2 (30. Na4 $142) 30... Bg7 31. Nec1 Bxb2 32. Nxb2 Rxb2 33. Bg5 Kg7 34. h4 f6 35. Bf4 a5 {[%cal Ba6a5,Ba5a4][%mdl 32]} 36. Re1 Kf7 37. Ne2 a4 38. Ng3 Rb1 {Precision: White = 24%, Black = 58%.} 0-1

[Event "36th Zalakaros Festival 2017"]
[Site "Zalakaros"]
[Date "2017.05.18"]
[Round "1"]
[White "Arman, Deniz"]
[Black "Nabaty, Tamir"]
[Result "1/2-1/2"]
[WhiteElo "2377"]
[BlackElo "2640"]
[Annotator "TA"]
[PlyCount "134"]
[EventDate "2017.??.??"]
[EventType "swiss"]
[EventCountry "HUN"]
[SourceTitle "playchess.com"]
[Source "ChessBase"]
[SourceQuality "1"]

{[%evp 19,134,-14,-12,-57,-44,-39,-42,-33,-22,-47,-26,-30,-34,-25,-39,-34,0,0,0,0,0,0,0,0,0,0,0,0,55,0,0,0,0,0,121,121,121,116,114,114,119,111,114,112,111,118,114,111,111,111,129,129,125,78,84,89,90,28,83,83,84,88,107,83,92,92,92,80,288,288,345,345,345,345,408,400,385,299,478,299,295,281,287,223,217,216,198,189,410,407,406,247,252,0,406,397,397,408,401,393,401,408,408,408,393,303,5117,414,403,395,325,0,0,0,0,0,29951]} 1. e4 c6 2. d4 d5 3. Nc3 dxe4 4. Nxe4 Bf5 5. Ng3 Bg6 6. h4 h6 7. Nh3 Nf6 8. Nf4 Bh7 9. Bc4 e6 10. O-O Bd6 11. Nxe6 {B18: Classical Caro-Kann: 4...Bf5 sidelines} (11. Re1 O-O 12. c3 Nd5 13. Qg4 Nxf4 14. Bxf4 Bxf4 15. Qxf4 Nd7 16. Qd6 Nb6 17. Qxd8 Rfxd8 18. Bb3 c5 19. dxc5 Nd7 {½-½ (95) Diaz Camallonga,C (2432)-Alsina Leal,D (2533) Vilanova i la Geltru 2017}) 11... fxe6 12. Bxe6 Na6 13. Re1 $1 {Black is slightly better.} Kf8 14. Qf3 Nc7 15. Bb3 $1 Bg8 16. Nf5 Bxb3 $146 ({Predecessor:} 16... Bd5 17. Bxd5 cxd5 18. Bf4 Bxf4 19. Qxf4 {1-0 (81) Arman,D (2307)-Akesson,R (2417) Malmo 2016}) 17. axb3 Ncd5 18. Re6 Bb4 $1 19. c4 {Hoping for Qg3.} (19. c3 $5 {[%cal Rc3b4]} Kf7 20. Re2 $11) 19... Nc7 20. Re5 $40 {[%mdl 128] White has some attack.} Qd7 21. g4 {And now g5 would win.} Kg8 22. g5 $1 {[%cal Rg5f6]} hxg5 23. hxg5 Nh7 {[#]} ({Better is} 23... Nfe8 $11) 24. Bd2 $1 {[%mdl 512]} Bd6 $1 $11 {[%cal Rd6e5]} (24... Bxd2 25. Ne7+) 25. Qg4 $1 Rd8 (25... Bxe5 $2 26. Nh6+ $1 {[%mdl 512]} gxh6 27. Qxd7 $18) (25... Nf8 $5 {[%cal Rd6e5]} 26. Ne7+ Kf7 27. g6+ Ke8 28. Nf5+ Bxe5 29. dxe5 Nfe6 $11) 26. Rae1 Bxe5 (26... g6 $1 $11 27. Ne7+ (27. Nh6+ Kg7 $11) 27... Kg7) 27. Rxe5 $16 g6 28. Ne7+ {[%mdl 1024] White has strong compensation.} Kg7 29. Qe4 $1 {[%cal Re4g6]} Nf8 30. d5 Qh3 31. Bc3 $1 Qh2+ 32. Kf1 {Threatening mate with Rf5+.} Qh1+ 33. Ke2 {Rf5+ would kill now.} Qxe4+ 34. Rxe4+ Kf7 {...Rh3 is the strong threat.} 35. Bxh8 cxd5 36. Nxd5 Nxd5 37. cxd5 Rxd5 {[%mdl 4096] Endgame KRB-KRN} 38. Bf6 ({White should play} 38. f4 $16) 38... Ne6 (38... Nd7 $1 $11 {remains equal.}) 39. f4 a5 40. b4 $1 a4 41. b5 Rxb5 42. Rxa4 Nc5 43. Ra8 Ke6 $2 (43... Ne4 $16 {was called for.}) 44. Re8+ $1 $18 Kd7 45. Re7+ Kd6 46. Rg7 $1 Kd5 47. Kf3 (47. Rxg6 Ke4 $18) 47... Rb3+ 48. Kg4 Nd3 (48... Ne4 $142 49. Rxg6 Rg3+ 50. Kh4 Rg1) 49. Rxg6 Rb4 50. Bc3 Rxf4+ 51. Kg3 Rf1 52. Rb6 Rg1+ 53. Kh4 Ke4 $2 (53... Nf4 54. Rb4 (54. Rxb7 Ke4 $16) 54... Ne6 55. Rb5+ (55. Rxb7 Rh1+ 56. Kg3 Rg1+ 57. Kh4 Rh1+ 58. Kg3 Rg1+ 59. Kh4 $16) 55... Kc6) 54. Kh5 $1 Kf5 {[%cal Rg1h1]} 55. Rf6+ Ke4 56. Rb6 $2 (56. Kg6) 56... Kf5 $1 {[%cal Rg1h1]} 57. Rb5+ Ke6 58. Kh6 Nf4 59. Rb6+ Kf5 {[#]} 60. Rf6+ $1 Ke4 61. g6 b5 62. Kh7 {Black must now prevent g7.} b4 $2 {[#]} (62... Rh1+ 63. Kg8 b4 64. Bxb4 Nd5 65. Re6+ Kf5) 63. Bxb4 (63. Rxf4+ $142 $1 {[%mdl 512]} Kxf4 64. Bd2+ Kf5 65. g7) 63... Rh1+ 64. Kg8 {Strongly threatening g7.} Nd5 65. Bc3 $2 (65. Re6+ $18 Kf5 66. Kf7 Nxb4 67. g7) 65... Nxf6+ $11 {The position is equal.} 66. Bxf6 Kf5 $1 {[%cal Rf5f6]} 67. Kf7 Ke4 $2 {[%mdl 40960] Precision: White = 80%, Black = 61%. . An unexpected result.} (67... Rh6 $11) 1/2-1/2

[Event "36th Zalakaros Festival 2017"]
[Site "Zalakaros"]
[Date "2017.05.18"]
[Round "1"]
[White "Papp, Petra"]
[Black "Banusz, Tamas"]
[Result "0-1"]
[WhiteElo "2371"]
[BlackElo "2616"]
[Annotator "TA"]
[PlyCount "139"]
[EventDate "2017.??.??"]
[EventType "swiss"]
[EventCountry "HUN"]
[SourceTitle "playchess.com"]
[Source "ChessBase"]
[SourceQuality "1"]

{[%evp 18,139,22,9,25,14,25,23,22,15,16,18,13,4,13,12,30,27,29,23,13,-60,-37,-45,-42,-39,-31,-41,-31,-34,-12,-24,-16,-31,-18,-42,-40,-55,-55,-54,-10,-12,0,-73,-64,-103,-14,-45,-5,-15,-3,-36,0,-37,0,0,0,0,140,0,0,0,31,0,98,0,121,0,7,0,0,-3,-11,-11,-12,-12,-14,-12,0,0,0,0,0,-10,-6,-372,8,6,8,-23,-8,-8,-8,-12,0,-83,-8,-8,-8,-8,-10,-75,-11,-267,-254,-217,-11,-1555,-1555,-1445,-1412,-29981,-29982,-29982,-29983,-29983,-29984,-29984,-29984,-29984,-29985,-29985,-29986,-29986]} 1. e4 e5 2. Nf3 Nc6 3. Bb5 a6 4. Ba4 Nf6 5. O-O Be7 6. d3 b5 7. Bb3 d6 8. a3 O-O 9. Nc3 Rb8 {C77: Ruy Lopez: 3...a6 4 Ba4 Nf6, unusual lines} (9... Nb8 10. Ne2 Nbd7 11. c3 Bb7 12. Ng3 c5 13. Re1 Rc8 14. Nf5 c4 15. dxc4 Bxe4 16. Nxe7+ Qxe7 17. cxb5 axb5 {1-0 (42) Kramnik,V (2811)-Harikrishna,P (2755) Shamkir 2017}) 10. Nd5 {LiveBook: 5 Games} Na5 11. Ba2 Nxd5 $146 {The position is equal.} ({Predecessor:} 11... c5 12. b4 Nc6 13. c3 a5 14. Bd2 Bd7 15. Qe2 axb4 16. axb4 cxb4 17. Nxb4 Nxb4 18. cxb4 {½-½ (28) Ly,M (2480)-Schandorff,L (2500) Amsterdam 2016}) 12. Bxd5 c6 13. Ba2 Bg4 14. h3 Bh5 15. Bd2 Nb7 16. b4 Kh8 17. g4 Bg6 18. Qe2 Qd7 19. d4 (19. Bb3 $11) 19... exd4 $1 $15 20. Nxd4 Bf6 21. c3 Rbe8 22. f3 d5 23. Be3 $1 dxe4 24. f4 $1 {[%cal Rf4f5] With the idea f5.} Bxd4 25. Bxd4 f6 26. Rad1 Qc7 27. Qe3 Bf7 28. Bb6 Qe7 (28... Qb8 $5 {[%cal Rf7a2]} 29. c4 bxc4 $15) 29. Bxf7 Rxf7 30. Rd4 (30. f5 $1 $11) 30... f5 $17 31. g5 c5 (31... h6 $17 32. h4 g6) 32. Rd5 $1 $11 {[%cal Rb4c5]} cxb4 33. axb4 Qe6 34. Rfd1 (34. Re5 $5 {[%cal Re5e6]} Qc6 35. Rxe8+ Qxe8 36. Ra1 $15) 34... Qc6 35. h4 h6 36. Bd4 Kh7 37. Be5 {aiming for Rd6!} Re6 (37... Kg8 $11) 38. Qe2 (38. h5 $16 {Hoping for g6+.} g6 39. Bf6) 38... Rfe7 39. Qe3 Qe8 40. Qe2 {[%mdl 1024] White has compensation.} (40. Qh3 $5 {[%cal Rh3f5]}) 40... Qf7 (40... Rc6 $11 {remains equal.}) 41. Kg2 (41. h5 $1 $16 {Strongly threatening g6+.} hxg5 42. fxg5) 41... Rc6 (41... Kg8 $11) 42. Kh2 ({White has to play} 42. h5 $1 $16) 42... Qe8 43. Kg2 Rc8 44. Qa2 Qh5 {White must now prevent ...Rxe5!} 45. Qf2 a5 46. Rd7 Rce8 47. Qg3 Qf7 48. R7d5 axb4 49. cxb4 Rc8 50. Rxb5 Rc2+ ({Much worse is} 50... Qc4 $6 51. Rbd5 $16) 51. Kg1 $2 {[%mdl 8192]} (51. Kh3 $11 {and White stays safe.}) 51... Qh5 $2 (51... Rd7 $1 $19 {[%cal Rd7d1]} 52. Ra1 (52. g6+ $2 Kh8 $19) 52... Qc4 53. Rxb7 Rc1+ 54. Rxc1 Qxc1+ 55. Kh2 Rxb7 56. g6+ Kh8) 52. Rbd5 e3 $40 {[%mdl 128] Black attacks.} 53. g6+ Qxg6 54. Qxg6+ Kxg6 55. Re1 Rc4 (55... Rd2 $5 {[%cal Rd2d5]} 56. Rd1 Rxd5 57. Rxd5 Kh5 $11) 56. Rb5 (56. b5 $11) 56... Re4 ({Black should try} 56... Kh5 $17 57. Kf1 Nd8 58. Rxe3 Nf7) 57. Kg2 $1 Nd8 {next ...Nf7 is good for Black.} 58. Kf3 Nc6 {[%cal Re7e5] [#]} 59. Rxe3 {[#]} (59. h5+ $1 $11 {[%mdl 512]} Kh7 (59... Kxh5 60. Rh1+) 60. Rxe3 Rxb4 61. Rxb4 Nxb4 62. Rc3) 59... R7xe5 $1 {[%mdl 512] [#]} 60. Rxe5 $4 {[%mdl 8192]} (60. h5+ $1 $11 {[%mdl 512]} Kf7 (60... Kxh5 61. Rxe5) 61. Rxe5 Nxe5+ 62. fxe5 Rxb4 63. e6+ Ke7 64. Re5) 60... Nxe5+ $19 61. fxe5 Rxb4 $2 $11 {[%mdl 4096] Endgame KR-KR} (61... Rxh4 $19 62. b5 Kf7) 62. e6 $2 {[%mdl 8192]} (62. h5+ $11 Kf7 63. e6+ Ke7 64. Re5) 62... Rxh4 $19 63. Re5 {[#]} Re4 $1 {[%cal Re4e5]} 64. Rxe4 fxe4+ {Black mates.} 65. Kxe4 {KPP-KP} Kf6 66. Kd5 Ke7 67. Ke5 g6 68. Kd5 h5 {[%cal Bh6h5,Bh5h4][%mdl 32]} 69. Ke5 h4 70. Ke4 {Precision: White = 34%, Black = 45%.} 0-1

[Event "36th Zalakaros Festival 2017"]
[Site "Zalakaros"]
[Date "2017.05.18"]
[Round "1"]
[White "Li, Bo"]
[Black "Zubov, Alexander"]
[Result "1-0"]
[WhiteElo "2359"]
[BlackElo "2604"]
[Annotator "TA"]
[PlyCount "59"]
[EventDate "2017.??.??"]
[EventType "swiss"]
[EventCountry "HUN"]
[SourceTitle "playchess.com"]
[Source "ChessBase"]
[SourceQuality "1"]

{[%evp 9,59,10,11,0,-7,-31,-20,-50,-41,-42,-35,-39,-52,-61,-61,-58,-13,-45,-15,-16,-7,-34,-13,-20,9,25,16,-25,78,41,41,41,45,41,87,91,95,90,88,97,262,262,428,404,404,412,704,703,693,679,939,939]} 1. d4 d5 2. c4 dxc4 3. Nf3 Nf6 4. Qa4+ Nc6 5. Nc3 Nd5 6. e4 {D23: Queen's Gambit Accepted: 3 Nf3 Nf6 sidelines} (6. Qxc4 Nb6 7. Qb5 a6 8. Qd3 e5 9. Nxe5 Qxd4 10. Nxc6 Qxd3 11. exd3 bxc6 12. Bf4 Bd6 13. Bg3 Bf5 14. Be2 {½-½ (25) Ivanchuk,V (2786)-Dominguez Perez,L (2719) Almaty 2008}) 6... Nb6 7. Qd1 $1 Bg4 {next ...Bxf3 is good for Black.} 8. Be3 {The position is equal.} e6 9. Be2 Be7 10. O-O O-O 11. d5 $146 ({Predecessor:} 11. h3 Bh5 12. Qd2 Qc8 13. Ne5 Nxe5 14. Bxh5 {1-0 (39) Bazant,P (2272)-Teuber,A (2189) Czechia 2013}) 11... exd5 12. exd5 Nb4 {[%cal Rb6d5]} (12... Bxf3 $5 13. Bxf3 Ne5 $15) 13. Bxb6 axb6 14. Bxc4 Bf6 15. h3 Bf5 16. Qd2 c6 17. Qf4 $36 {[%mdl 2048] White is more active.} Bg6 {And now ...b5 would win.} 18. Rad1 Nxd5 (18... Bxc3 $1 $11 {keeps the balance.} 19. bxc3 Nxd5 20. Bxd5 cxd5) 19. Nxd5 cxd5 20. Rxd5 Qb8 21. Ne5 Ra5 22. Nxg6 {aiming for Qxb8.} Rxd5 23. Bxd5 hxg6 {[#]} 24. Bxf7+ $1 {[%mdl 512]} Kxf7 $2 (24... Kh7 $16 25. Qxb8 Rxb8) (24... Rxf7 25. Qxb8+) 25. Qc4+ $18 Ke8 $2 (25... Ke7) 26. Qe6+ Be7 {[#] White must now prevent ...Qd6.} 27. Rc1 $1 Kd8 (27... Qd8 $142 28. Rc8 (28. Qxg6+ Rf7 $15) 28... Rf6 29. Qg8+ Bf8 30. Rxd8+ Kxd8) 28. Rd1+ {White is clearly winning.} Ke8 29. Rd7 {[%csl Gd7][%cal Re6e7]} Rf7 {[#] ...Qf4 is the strong threat.} 30. Rxe7+ $1 {[%mdl 512] Precision: White = 61%, Black = 28%.} 1-0

[Event "36th Zalakaros Festival 2017"]
[Site "Zalakaros"]
[Date "2017.05.18"]
[Round "1"]
[White "Rudolf, Michal"]
[Black "Svane, Rasmus"]
[Result "0-1"]
[WhiteElo "2340"]
[BlackElo "2573"]
[Annotator "TA"]
[PlyCount "70"]
[EventDate "2017.??.??"]
[EventType "swiss"]
[EventCountry "HUN"]
[SourceTitle "playchess.com"]
[Source "ChessBase"]
[SourceQuality "1"]

{[%evp 13,70,33,62,60,55,47,67,1,27,1,10,-4,0,0,0,0,2,0,5,-7,-14,-8,-14,-15,15,0,-10,-20,-8,-29,-12,-16,-15,-42,-43,-32,-27,-67,-44,-133,-126,-236,-244,-231,-243,-296,-287,-268,-256,-259,-257,-257,-257,-295,-278,-327,-338,-324,-321]} 1. d4 Nf6 2. Nf3 d5 3. Bg5 Ne4 4. Bh4 c5 5. dxc5 Nc6 6. e3 {D03: 1 d4 d5 2 Nf3 Nf6 3 Bg5, including Torre Attack with early ...d5} (6. Nbd2 Nxc5 7. c3 g6 8. b4 Ne6 9. e3 Bg7 10. Rc1 O-O 11. Be2 b6 12. O-O Bb7 13. Bg3 Qd7 {0-1 (70) Zhao,J (2577)-Ding,L (2679) Danzhou 2012}) 6... Qa5+ 7. Nbd2 Bg4 {LiveBook: 3 Games} 8. c3 {White is slightly better.} Nxd2 9. Qxd2 {aiming for b4.} Qxc5 10. Be2 (10. b4 $14 Qd6 11. Bg3) 10... e6 $11 11. O-O (11. e4 $5) 11... Be7 12. Bxe7 (12. b4 $5 {[%cal Rb4c5]} Qb6 13. Bg3 $11) 12... Qxe7 13. Nd4 Bxe2 14. Qxe2 O-O $146 15. Rad1 Qc5 16. e4 dxe4 17. Qxe4 Qc4 18. Qb1 Ne7 19. Nb3 Rfd8 20. h3 (20. Nd2 $5 {[%cal Rd2c4]} Qc7 21. h3 $11) 20... h6 21. Rxd8+ Rxd8 22. Rd1 {[%cal Rd1d8] [#]} Rd5 23. Re1 Nf5 24. Qe4 Nd6 25. Qe3 Qa4 $36 {[%mdl 2048] Black fights for an advantage.} 26. Nc1 (26. Ra1 $15) 26... Nc4 27. Qf4 (27. b3 $17 Nxe3 28. bxa4) 27... Nxb2 $19 28. Qb8+ Kh7 {...Rd1 is the strong threat.} 29. Nb3 Nd3 {Black has a decisive advantage.} 30. Rf1 Qe4 31. Nd2 Qf4 32. Qxf4 Nxf4 33. Ne4 f5 34. c4 Rd4 ({Stronger than} 34... fxe4 35. cxd5 exd5 36. Rb1 $16) 35. Nc5 b6 {Precision: White = 35%, Black = 75%.} ({Weaker is} 35... Rxc4 36. Nxb7 Ra4 37. Ra1 $19) 0-1

[Event "36th Zalakaros Festival 2017"]
[Site "Zalakaros"]
[Date "2017.05.18"]
[Round "1"]
[White "Raja Harshit"]
[Black "Aleksandrov, Aleksej"]
[Result "0-1"]
[WhiteElo "2334"]
[BlackElo "2559"]
[Annotator "TA"]
[PlyCount "54"]
[EventDate "2017.??.??"]
[EventType "swiss"]
[EventCountry "HUN"]
[SourceTitle "playchess.com"]
[Source "ChessBase"]
[SourceQuality "1"]

{[%evp 9,54,0,16,16,7,1,8,0,6,0,16,-3,0,12,13,-17,-10,-21,-6,-16,-21,-27,-16,-38,-38,-38,-31,-49,-35,-54,-27,-39,-20,-30,-25,-52,-36,-338,-341,-364,-364,-414,-450,-447,-385,-495,-484]} 1. e4 e5 2. Nf3 Nc6 3. Bb5 Nf6 4. O-O Nxe4 5. Qe2 Nd6 6. Bxc6 {C67: Ruy Lopez: Berlin Defence: 4 0-0 Nxe4} dxc6 7. Qxe5+ Qe7 8. Qa5 {The position is equal.} Qd8 9. Qe5+ Qe7 10. Qa5 Qd7 11. Qc3 Nf5 12. d3 Be7 13. Bf4 $146 ({Predecessor:} 13. Bg5 f6 14. Bf4 b6 15. Nbd2 Bb7 {½-½ (74) Michalczak,T (2367)-L'Ami,E (2620) Dieren 2010}) 13... O-O 14. Nbd2 b6 15. Rfe1 Bb7 16. Re2 c5 17. Rae1 Rae8 18. h3 h5 19. Ne4 Bd8 20. Qb3 {[#] Nxc5! is the strong threat.} Bd5 21. c4 Ba8 22. Ne5 Qc8 {White must now prevent ...Nd4.} (22... Qe6 $5 {[%cal Rf5d4]} 23. Nf3 Qd7 $11) 23. Qa4 $2 {[%mdl 8192]} (23. Nf3 $1 $15) 23... Nd4 $19 24. Re3 Qf5 25. Nf3 Qxf4 26. Nxd4 Rxe4 ({Weaker is} 26... Bxe4 27. Nf3 $15) 27. Rxe4 Bxe4 {Precision: White = 33%, Black = 84%.} 0-1